NFL Logo Quiz - Statistics

General Stats
  • This quiz has been taken 63 times
    62 since last reset
  • The average score is 23 of 32
Answer Stats
Picture Answer % Correct
Falcons
94%
Broncos
91%
49ers
88%
Rams
85%
Chargers
82%
Dolphins
82%
Packers
82%
Panthers
82%
Seahawks
82%
Texans
82%
Titans
82%
Vikings
82%
Cardinals
79%
Cowboys
79%
Jaguars
79%
Jets
79%
Raiders
79%
Bears
76%
Saints
76%
Bills
74%
Chiefs
74%
Patriots
71%
Bengals
68%
Colts
68%
Steelers
68%
browns
65%
Lions
59%
Giants
53%
Ravens
50%
Bucaneers
38%
Comanders
32%
Egales
6%
No matching quizzes found
Score Distribution
Percent of People with Each Score
Percentile by Number Answered
Your Score History
You have not taken this quiz since the last reset